000 00327nam a2200121 a 4500
005 20140414131926.0
008 101027s19uu xx 00 eng d
050 _aER
_bF91 1991
100 _aPilkey, Dav
245 _aA friend for dragon :
_bDragon's first tale.
260 _aNew York :
_bScholastic ,
_c1991.
999 _c112025
_d112025